Elementos de economía matemática /

Bibliographic Details
Main Author: Lacayo, Ramón A. (Author)
Format: Electronic eBook
Language:Spanish
Published: Santa Marta D.T.C.H., Colombia : Editorial Unimagdalena, [2024]
Edition:Primera edición.
Series:Colección Ciencias sociales (Editorial Unimagdalena). Serie: Economía y finanzas.
Subjects:
Online Access:Digitalia Hispánica

MARC

LEADER 00000nam a2200000Ii 4500
001 DIGUNIMAG0196
003 NyNyDIG
006 m o d
007 cr |||||||||||
008 250215s2024 ck a ob 001 0 spa d
035 |a (OCoLC)1475038323 
040 |a DGITA  |b eng  |e rda  |e pn  |c DGITA 
020 |a 9789587467789  |q (pdf) 
020 |z 9789587467772  |q (impreso) 
050 1 4 |a HB135 ebook 
100 1 |a Lacayo, Ramón A.,  |e author. 
245 1 0 |a Elementos de economía matemática /  |c Ramón A. Lacayo. 
250 |a Primera edición. 
264 1 |a Santa Marta D.T.C.H., Colombia :  |b Editorial Unimagdalena,  |c [2024] 
300 |a 1 online resource :  |b illustrations. 
336 |a text  |b txt  |2 rdacontent 
337 |a computer  |b c  |2 rdamedia 
338 |a online resource  |b cr  |2 rdacarrier 
347 |a text file  |2 rdaft 
347 |b PDF 
490 1 |a Colección Ciencias sociales. Serie Economía y finanzas 
504 |a Includes bibliographical references and index. 
588 0 |a Online resource; title from PDF title page (Digitalia, viewed February 15, 2025) 
650 0 |a Economics, Mathematical. 
650 0 |a Matrix derivatives. 
776 0 8 |i Print version:  |a Lacayo, Ramón A.  |t Elementos de economía matemática.  |b Primera edición.  |d Santa Marta D.T.C.H., Colombia : Editorial Unimagdalena, [2024]  |z 9789587467772 
791 2 |a Digitalia (Firm),  |e distributor. 
793 0 |g Digitalia eBook Collection:  |a Ediciones Unimagdalena 
830 0 |a Colección Ciencias sociales (Editorial Unimagdalena).  |p Serie: Economía y finanzas. 
856 4 0 |3 Digitalia Hispánica  |u https://www.digitaliapublishing.com/a/169907/ 
910 |a Premium collection: 2025